| 000 | 01063nam a2200217Ii 4500 | ||
|---|---|---|---|
| 003 | JO-AjNU | ||
| 008 | 230605s9999||||xx |||||||||||||| ||und|| | ||
| 017 | _a2000/5/1704 | ||
| 040 |
_aJO-AjNU _bara _erda _cJO-AjNU |
||
| 041 | _aara | ||
| 050 | 1 | 4 | _aKMM50.55.M355.2000 |
| 100 | 3 |
_aالمناصرة، محمد حسين مهاوش, _eauthor _923842 |
|
| 245 | 0 | 0 | _aالمنهاج في التطبيقات القضائية : نماذج وصيغ وطلبات واستدعاءات تقدم للمحاكم الأردنية ودوائرها على اختلاف أنواعها ودرجاتها |
| 250 | _aط1 | ||
| 264 | 3 | 1 | _aاربد ، الاردن : محمد حسين مهاوش المناصرة ، 2000 |
| 300 |
_a280ص _bيشتمل على مراجع ص ( 276 ) |
||
| 336 |
_atext _btxt _2rdacontent |
||
| 337 |
_aunmediated _bn _2rdamedia |
||
| 338 |
_avolume _bnc _2rdacarrier |
||
| 650 | 4 |
_aالدعوى المدنية -- قوانين وتشريعات -- الأردن -- قانون الإجراءات المدنية والتجارية -- الأردن _923843 |
|
| 999 |
_aA8689 _c12257 _d12257 |
||